The policeman in the community /

Bibliographic Details
Main Author: Banton, Michael, 1926-2018
Format: Book
Language:English
Published: New York : Basic Books, [1964]
Subjects:

MARC

Tag First Indicator Second Indicator Subfields
LEADER 00000cam a22000001 4500
001 in00000075288
005 20210327063101.0
008 711216s1964 nyu b 00000 eng
010 |a  64022857  
035 |a (OCoLC)00264968 
035 |9 AAH4136AM 
040 |a DLC  |c DLC  |d TXA  |d UtOrBLW 
043 |a e-uk---  |a n-us--- 
049 |a TXAM  |c [414612] 
050 0 0 |a HV8138  |b .B24 
082 0 |a 352.2 
090 |a HV8138  |b .B24 1964 
092 |a 352.2  |b B219p 
100 1 |a Banton, Michael,  |d 1926-2018. 
245 1 4 |a The policeman in the community /  |c [by] Michael Banton. 
264 1 |a New York :  |b Basic Books,  |c [1964] 
300 |a xiv, 276 pages ;  |c 22 cm. 
336 |a text  |b txt  |2 rdacontent 
337 |a unmediated  |b n  |2 rdamedia 
338 |a volume  |b nc  |2 rdacarrier 
504 |a Bibliography: pages 269-272. 
650 0 |a Police  |z United States. 
999 |a MARS 
999 f f |s 839cec24-6d32-32de-9a07-e2147d877a82  |i ce0dbe76-1bc8-300b-9019-acb4f88991e9  |t 0 
952 f f |p ric  |a Texas A&M University  |b Rellis Campus  |c Joint Library Facility  |d Remote Storage  |t 0  |e HV8138 .B24 1964  |h Library of Congress classification  |i unmediated -- volume  |m A14800797719 
998 f f |a HV8138 .B24 1964  |t 0  |l Remote Storage